10 tipov, ako udržať pozornosť zákazníka

Schopnosť získať a udržať si pozornosť zákazníka patrí medzi najdôležitejšie komunikačné zručnosti obchodníka. Overené metódy a prvých päť tipov ako na to.

Salvato in:
Dettagli Bibliografici
Autore principale: Mišík, Martin
Natura: Capitolo di libro
Lingua:slovacco
Soggetti:
Tags: Aggiungi Tag
Nessun Tag, puoi essere il primo ad aggiungerne!!

MARC

LEADER 00000naa a2200000 4500
001 0225976
005 20230912114837.5
041 0 |a slo 
044 |a SK 
245 1 0 |a 10 tipov, ako udržať pozornosť zákazníka  |c Martin Mišík 
520 |a Schopnosť získať a udržať si pozornosť zákazníka patrí medzi najdôležitejšie komunikačné zručnosti obchodníka. Overené metódy a prvých päť tipov ako na to. 
610 2 0 |a zákazníci 
610 2 0 |a obchodníci 
610 2 0 |a komunikácia marketingová 
610 2 0 |a zručnosti 
610 2 0 |a technika predaja 
610 2 0 |a psychológia predaja 
610 2 0 |a stratégia obchodná 
100 1 |a Mišík, Martin